| 000 | 01167nam a22002775i 4500 | ||
|---|---|---|---|
| 001 | 165021 | ||
| 003 | ES-MaACL | ||
| 005 | 20260629130410.0 | ||
| 008 | 050809s1856 fr | |||||||| ||fre d | ||
| 040 |
_aCAM _bspa _cCAM |
||
| 100 | 1 |
_aScott, Walter, _cSir, _d1771-1832 _9104957 |
|
| 245 | 1 | 3 |
_aLe Nain noir _b; Le chateau dangereux / _cWalter Scott ; traduction nouvelle de Louis Barré ; édition illustrée par Ed. Frère. |
| 260 |
_aParis : _ba la Librairie Centrale des publications illustrées, _c1856 ( _fImprimerie Walder) |
||
| 300 |
_a68 p. : _bil. ; _c29 cm. |
||
| 490 | 1 | _aOeuvres illustrées de Walter Scott | |
| 490 | 1 | _aLes veillées littéraires illustrées | |
| 597 | _aLa segunda obra empieza en la p. 29. | ||
| 597 | _aTexto a dos col. con il. intercaladas. | ||
| 598 | _aSegunda serie tomada de cabecera de texto. | ||
| 700 | 1 |
_aBarré, Louis, _d1799-1857 _925873 |
|
| 700 | 1 |
_aFrère, Edmonde. _9127158 |
|
| 830 | 0 |
_aOeuvres illustrées de Walter Scott _9222404 |
|
| 830 | 0 |
_aLes veillées littéraires illustrées _9188532 |
|
| 852 |
_aES-MaACL _jFol-Laf-26 _z-- Rúst. _z-- Legado de Modesto de La Fuente |
||
| 999 |
_c165021 _d165021 |
||